Question papers of the advanced and elementary examinations 1952, 1953, 1954, 1955 and 1956 (Record no. 429043)

000 -LEADER
fixed length control field 00427cam a22001097a 4500
008 - FIXED-LENGTH DATA ELEMENTS--GENERAL INFORMATION
fixed length control field 180718b1956 xxu||||| |||| 00| 0 eng d
082 ## - DEWEY DECIMAL CLASSIFICATION NUMBER
Classification number K33x42
245 ## - TITLE STATEMENT
Title Question papers of the advanced and elementary examinations 1952, 1953, 1954, 1955 and 1956
Statement of responsibility, etc. by Police Examinations Board, United Kingdom
260 ## - PUBLICATION, DISTRIBUTION, ETC.
Place of publication, distribution, etc. London
Name of publisher, distributor, etc. Her Majesty's Stationery Office
Date of publication, distribution, etc. 1956
300 ## - PHYSICAL DESCRIPTION
Extent 40p.
700 ## - ADDED ENTRY--PERSONAL NAME
Personal name United Kingdom. Police Examinations Board
Holdings
Withdrawn status Lost status Damaged status Not for loan Permanent Location Current Location Date acquired Full call number Barcode Date last seen Price effective from Koha item type
        Indian Institute of Public Administration Indian Institute of Public Administration 2009-12-18 K33x42 14687 2018-07-21 2018-07-21 Book

Powered by Koha